Normal view MARC view

Entry Personal Name

Number of records used in: 1

001 - CONTROL NUMBER

  • control field: 9042

003 - CONTROL NUMBER IDENTIFIER

  • control field: DLC

005 - DATE AND TIME OF LATEST TRANSACTION

  • control field: 20220702111559.0

008 - FIXED-LENGTH DATA ELEMENTS

  • fixed length control field: 021202n| azannaabn |a aaa c

010 ## - LIBRARY OF CONGRESS CONTROL NUMBER

  • LC control number: nr2002043751

035 ## - SYSTEM CONTROL NUMBER

  • System control number: (OCoLC)oca05926142

040 ## - CATALOGING SOURCE

  • Original cataloging agency: NIC
  • Language of cataloging: eng
  • Description conventions: rda
  • Transcribing agency: NIC
  • Modifying agency: CLU
  • Modifying agency: DLC

100 1# - HEADING--PERSONAL NAME

  • Personal name: Khan, Irfan Ali

372 ## - FIELD OF ACTIVITY

  • Field of activity: Plant breeding
  • Field of activity: Plant genetics

373 ## - ASSOCIATED GROUP

  • Associated group: Anwarul Uloom College

374 ## - OCCUPATION

  • Occupation: Botanist

400 1# - SEE FROM TRACING--PERSONAL NAME

  • Personal name: Khan, Irfan A.

400 0# - SEE FROM TRACING--PERSONAL NAME

  • Personal name: Irfan Ali Khan

670 ## - SOURCE DATA FOUND

  • Source citation: Genetic and breeding strategies for improvement of pulse crops, 1998:
  • Information found: t.p. (Dr. Irfan A. Khan; Nawab Shah Alam Khan Centre of Post Graduate Studies ands Research, Anwarul Uloom College, Hyderabad, India)

670 ## - SOURCE DATA FOUND

  • Source citation: Ethnomedicine and human welfare vol. 1, 2004:
  • Information found: t.p. (Irfan Ali Khan)

Powered by Koha